| 000 | 00944nam a2200265 i 4500 | ||
|---|---|---|---|
| 001 | 000007218 | ||
| 003 | DO-SdBNP | ||
| 005 | 20240116143304.0 | ||
| 007 | ta | ||
| 008 | 090907e2023 dr aoc 001 e spa d | ||
| 020 | _a9789945222777 | ||
| 040 |
_aDO-SdBNP _bspa _cBNPHU _erda |
||
| 082 | 4 |
_bM553b _222 |
|
| 245 | 1 | 0 |
_aBizarros de gestas patrias : _bindependentistas y restauradores de San Cristóbal / _cAndrés de las Mercedes ; fotografías, José Arturo Álvarez Espinal |
| 264 | 1 |
_aSanto Domingo : _bBúho, _c2023. |
|
| 300 |
_a127 paginas. : _bilustraciones, fotografías y retratos ; _c21 cm. |
||
| 336 |
_2rdacontent _atexto _btxt |
||
| 337 |
_2rdamedia _asin mediación _bn |
||
| 338 |
_2rdacarrier _avolumen _bnc |
||
| 500 | _aIncluye datos biográficos del autor en la contracubierta. | ||
| 590 | _aInventariado, 2023 / DG | ||
| 700 | 1 |
_aÁlvarez Espinal, José Arturo, _efotografías _984764 |
|
| 910 | _aDG | ||
| 942 |
_2ddc _cLBS1 |
||
| 999 |
_c53970 _d53970 |
||